Monuments historiques de notre belle histoire - Statistiques

Statistiques générales
  • Ce quiz a été pris 415 fois
  • Le résultat moyen est 8 sur 16
Statistiques - réponses
Par images Réponse % Correct
Tour Eiffel
99%
Statue de la liberté
93%
Empire State Building
77%
Mont Rushmore
77%
Opéra de Sydney
76%
Fontaine de Trevi
63%
Château de Chambord
60%
Atomium
50%
Colosse de Rhodes
50%
Golden Gate Bridge
42%
Lion de Belfort
38%
Chichén Itza
27%
Basilique Saint-Pierre
26%
Palais du Potala
6%
Cau Vang
1%
Unisphere
1%
Aucun quiz correspondant
Distribution des résultats
% des personnes avec chaque résultat
Percentile par nombre de réponses
Votre historique - résultats
Vous n’avez pas pris ce quiz